|
|
|
|
| LEADER |
00000nab a2200000 a 4500 |
| 001 |
vtls000243575 |
| 003 |
SK-MaSNL |
| 005 |
20260304064644.0 |
| 008 |
250422c1985 xo 0 slo |
| 015 |
|
|
|a SNBRB19rr/mm-uuuuu
|
| 035 |
|
|
|a CL0253689
|
| 035 |
|
|
|a urn:nbn:sk:snk-ab70k2
|
| 035 |
|
|
|a (uuid)3f6e0c98-0360-455a-b6c8-fa37d3d43ebc
|
| 035 |
|
|
|a (urnnbn)urn:nbn:sk:snk:ar-a06fue
|
| 035 |
|
|
|a (sysno)vtls000243575
|
| 040 |
|
|
|a SNKBUCL
|b slo
|c SNKBUCL
|e AACR2
|
| 041 |
0 |
|
|a eng
|
| 044 |
|
|
|a xo
|c SK
|
| 080 |
|
|
|a 616.428-006.44
|2 1981
|
| 100 |
1 |
|
|a Rengifo, E.
|4 aut
|9 1181373
|
| 245 |
1 |
0 |
|a Ammoniacal silver staining of lymph node cells
|b 2. Reactive follicular hyperplasia and its relationship with Hodgkin s disease
|c E. Rengifo, S. Quintero, Z. Marinello
|
| 300 |
|
|
|b Tb. 2., lit. 4 zázn. v angl.
|
| 650 |
0 |
7 |
|a Hodgkinov lymfóm
|2 snkbucl
|9 1197159
|
| 650 |
0 |
7 |
|a Hodgkinova choroba
|2 snkbucl
|9 68587
|
| 655 |
|
7 |
|a články z novín a časopisov
|2 snkbucl
|9 267496
|
| 700 |
1 |
|
|a Quintero, S.
|4 aut
|9 1352736
|
| 700 |
1 |
|
|a Marinello, Z.
|4 aut
|9 1181379
|
| 773 |
0 |
|
|t Neoplasma
|g Roč. 32, č. 6 (1985), s. 741-744
|
| 850 |
|
|
|a Slovenská národná knižnica
|
| 852 |
|
|
|a Slovenská národná knižnica
|
| 958 |
|
|
|a article27
|
| 958 |
|
|
|a RK
|
| 958 |
|
|
|a MI
|
| 958 |
|
|
|a CU
|
| 958 |
|
|
|a OND
|
| 958 |
|
|
|a EUIPO
|
| 992 |
|
|
|a RBX
|
| 999 |
|
|
|c 2747376
|d 2749306
|